000 00532nam a22001817a 4500
005 20171027122444.0
010 _aENG-121085
020 _c80.00
_a9788184494792
035 _aEN-104617
037 _bDBAD/PUB
082 _a372.6
100 _aAnandamurugan, S.
245 _aA guide to soft skills /
_cby S. Anandamurugan
260 _aChannai
_bFirst Edition
_c2011
270 _a1620, 'J' 16th Main Road, Anna Nagar
_bChannai
_e600040
300 _a162p.
_c21.5cm(pbk)
_bill.
942 _2ddc
_cEN
_h372.6
_mANA
999 _c146922
_d146922